000
00282nam a2200121Ia 4500
008
191206s9999 xx 000 0 und d
090
_a
N72.H35
245
0
_a
social history of art
260
_a
Knopf
260
_c
c1951
300
_a
2 v. : ill. ; 25 cm.
999
_c
16918
_d
16918